000 00627nam a2200217 a 4500
008 960124s1974||||xx 0 slo c
040 _aSNK
_bslo
_cSNK
_eAACR2
041 1 _aslo
100 1 _aArnold, Elliot
_4aut
245 1 0 _aPokrvný brat
_cElliott Arnold ; Prel. Karol Dlouhý ; Ilustr. Miloš Urbánek
250 _a1. vyd.
260 _aBratislava
_bSmena
_c1974
_eS.l.Pravda
_fPravda
300 _a498, [3] s.
_b[8] obr. príl.
_c
490 0 _aMáj
_vzv. 237
700 1 _aDlouhý, Karol
_4trl
700 1 _aUrbánek, Miloš
_4ill
765 0 _tBlood Brother ...
020 _c38
044 _axo
_cSK
958 _aA
999 _c10536
_d10536